| 000 | 01230cam a22002774a 4500 | ||
|---|---|---|---|
| 001 | 12401845 | ||
| 005 | 20080306084415.0 | ||
| 008 | 010508s2001 gw a b 001 0 eng | ||
| 010 | _a2001034201 | ||
| 020 | _a3540421459 (pbk. : alk. paper) | ||
| 040 |
_aDLC _cDLC _dDLC |
||
| 042 | _apcc | ||
| 050 | 0 | 0 |
_aQA76.9.E94 _bP425 2001 |
| 082 | 0 | 0 |
_a004.24 _221 _bPER |
| 245 | 0 | 0 |
_aPerformance Engineering : _bstate of the art and current trends / _cReiner Dumke ... [et al.], (eds.). |
| 260 |
_aBerlin ; _aNew York : _bSpringer, _cC2001. |
||
| 300 |
_axiv, 348 p. : _bill. ; _c23 cm. |
||
| 440 | 0 |
_aLecture notes in computer science ; _v. 2047 _96974 |
|
| 504 | _aIncludes bibliographical references and index. | ||
| 650 | 0 |
_aComputer systems _xEvaluation. _96975 |
|
| 700 | 1 |
_aDumke, Reiner. _96976 |
|
| 856 | 4 | 2 |
_3Publisher description _uhttp://www.loc.gov/catdir/enhancements/fy0813/2001034201-d.html |
| 942 |
_2ddc _cBB |
||
| 999 |
_c12042 _d12042 |
||